• 首页
  • 本馆介绍
  • 公告通知
  • 最新文献
  • 馆藏检索
  • 电子资源
  • 读者导购
  • 参考咨询
  • 我的图书馆
  • 登录
  • 详细信息显示
  • 放入我的书架
  • 预约/预借图书
  • 作者相关作品
  • 分类相关作品
  • 丛书相关作品
  • 出版社相关作品

书目信息

  • 表格格式
  • 工作单格式
  • 卡片格式
题名:
重刊宋本十三经注疏
    
 
作者: 孔颖达 注
分册: 第一函   重刊宋本周易注疏
出版信息:    
页数: 全一册
开本: 17.5*12.5cm
丛书名:
单 册:
中图分类: Z126.2
科图分类:
主题词: 丛书--中国
电子资源:
ISBN:
000 00741nam0 2200217 450
001 0632517453
005 20061019092759.40
010    @b线装@dCNY250.00(全套)
100    @a20061019d km y0chiy0120 ea
101 0  @achi
200 1  @a重刊宋本十三经注疏@h第一函@i重刊宋本周易注疏@h一@Azhong kan song ben shi san jing zhu shu@f(唐)孔颖达等注@F(tang)kong ying da deng zhu
215    @a全一册@d17.5*12.5cm
300    @a第一至第八卷为本函,共18函四百十六卷
300    @a附校刊记
305    @a清嘉庆二十年(1815)江西南昌府学雕本
517 1  @a重刊宋本周易注疏@Azhong kan song ben zhou yi zhu shu
606 0  @a丛书@x中国
690    @aZ126.2@v3
701  0 @a孔颖达@Akong ying da@4注
801  0 @aCN@bPFT@c20061019
905    @a10447@dZ126.2@e15:1(1)
    
    重刊宋本十三经注疏.第一函.重刊宋本周易注疏.一/(唐)孔颖达等注
    全一册;17.5*12.5cm
    第一至第八卷为本函,共18函四百十六卷.-附校刊记
    
    ISBN (线装):CNY250.00(全套)
    
●
相关链接 在E读中查询图书 在五车中查询图书 在当当中查询图书 在豆瓣中查询图书


正题名:重刊宋本十三经注疏     索取号:Z126.2/15:1(1)         预约/预借

序号 登录号 条形码 馆藏地/架位号 状态 备注
1 0223427   202410952   古籍典藏专区/ [索取号:Z126.2/15:1(1)] 在馆    
唐山师范学院图书馆 欢迎您!
大连网信软件有限公司© 版权所有